Responses for Show #4505 - Friday, March 19, 2004

Steve Reynolds game 5.

Contestants

[<< previous game]

Mary Gabe, a legal assistant from Riverside, California

Sonja Srinivasan, an education consultant and musician from San Diego, California

Steve Reynolds, an accountant from Norman, Oklahoma (whose 4-day cash winnings total $75,102)

[next game >>]

Jeopardy! Round responses

THE U.S. CONSTITUTION
DISNEY FILM VOICES
FOOD AROUND THE USA
NEAR DISASTERS
CELEBRITY RHYME TIME
RING IN NOW
    $200 1
the Union

Mary
    $200 16
Tarzan

Steve
    $200 3
chowder

Steve
    $200 22
hurricane

Mary
    $200 18
Pat's vats

Steve
    $200 2
the mood ring

Mary
    $400 4
swear

Steve
    $400 17
Finding Nemo

Mary
    $400 8
onions

Triple Stumper
    $400 27
a lighthouse

Sonja
    $400 23
Charlie's Harleys

Steve
    $400 12
(Alex: Pope John Paul II.)

the pope

Mary
    $600 5
(Alex: Amendments 23-25.)

the 1960s

Triple Stumper
    $600 19
Hercules

Sonja
    $600 9
Illinois

Steve
    $600 28
Pakistan

Mary
    $600 24
(Alex: With a minute to go.)

Groucho's gauchos

Steve
    $600 13
the Green Lantern

Triple Stumper
    $1,000 6
(Steve: What is... [shakes head])

treason

Steve
    $800 20
Sleeping Beauty

Sonja
    $800 10
(Sonja: What is Delaware?)

the Rhode Island Red

SteveSonja
    $800 29
Pennsylvania

Mary
    $800 25
Dave's raves

Sonja
    $800 14
Richard Starkey

Sonja
    $1000 7
the Articles of Confederation

Mary
    $1000 21
Mulan

Triple Stumper
    $1000 11
hush puppies

Sonja
    $1000 30
(Sonja: Who was Carnegie?)

J.P. Morgan

Sonja
Triple Stumper
    $1000 26
Tony's phonies

Sonja
    $1000 15
a signet

Sonja

Scores at the first commercial break (after clue 15):

Steve Sonja Mary
$1,000 $2,000 $1,800

Scores at the end of the Jeopardy! Round:

Steve Sonja Mary
$2,400 $4,600 $3,800

Double Jeopardy! Round responses

SYMPHONY NICKNAMES
FENCING
CORPORATE SYMBOLS
THAT OLD TIME TELEVISION
SPELL THAT GOVERNOR
(Alex: A current governor.)
2 "Q"s
    $400 9
"The Unfinished Symphony"

Mary
    $400 4
foil

Triple Stumper
    $400 20
(Sonja: What is the Planters Peanut?)

Mr. Peanut

Sonja
    $400 14
Ozzie and Harriet

Mary
    $400 3
(Sonja: What is V-O-I-N-O-V-I-C-H?)

T-A-F-T

Sonja
Triple Stumper
    $400 1
Albuquerque

Steve
    $800 10
Beethoven

Mary
    $800 5
parry

Steve
    $800 21
(Alex: Right here, yes; with a minute to go.)

Columbia Pictures

Mary
    $800 15
(Steve: Who are Carson & Paar?)

(2 of 3) Steve Allen, Jack Paar & Johnny Carson

Steve
    $800 22
P-A-T-A-K-I

Steve
    $800 2
(Steve: Who is Queeg?)
...
(Alex: Captain Queeg was The Caine Mutiny; [*] is Moby-Dick.)

Queequeg

SteveMary
    $1,000 11
(Mary: Well, I'm glad I only bet $1,000--no idea!)

"The Jupiter Symphony"

Mary
    $1200 19
(Mary: What is a parry?)

a hit

Mary
Triple Stumper
    $1200 26
Wendy's

Mary
    $1200 16
Joan Collins

Steve
    $600 23
(Steve: What is S-C-H-W-A-R-Z-E-N-A-G-G-E-R?)

S-C-H-W-A-R-Z-E-N-E-G-G-E-R

Steve
    $1200 6
squash racquet

Steve
    $1600 12
(Mary: What is "The Surprise Symphony?")

"Spring"

Mary
Triple Stumper
    $1600 27
(Mary: What is a rattlesnake?)
(Steve: What is an alligator?)
(Sonja: What is a crocodile?)
[The end-of-round signal sounds.]

a snapping turtle

SteveSonjaMary
Triple Stumper
    $1600 17
The $64,000 Question

Steve
    $1600 24
H-U-C-K-A-B-E-E

Triple Stumper
    $1600 7
quelque chose

Sonja
    $2000 13
Haydn

Sonja
    $2000 18
Billy Mumy

Triple Stumper
    $2000 25
B-A-L-D-A-C-C-I

Triple Stumper
    $2000 8
Coquilles St. Jacques

Triple Stumper

Scores at the end of the Double Jeopardy! Round:

Steve Sonja Mary
$6,200 $6,600 $2,800

[wagering suggestions for these scores]

Final Jeopardy! Round responses

PRESIDENTIAL NOMINEES
(Alex: [To Mary] [*], ran for the presidency in 1856; the first Republican candidate for president.)
MaryWho is Fremont?
$2,800
SteveWho was Pike?
$6,200
SonjaWho is T Roosevelt?
$800
John C. Fremont

Final scores:

Steve Sonja Mary
$0 $5,800 $5,600
3rd place: $1,000 New champion: $5,800 2nd place: $2,000

Game dynamics:

Coryat scores:

Steve Sonja Mary
$7,800 $6,600 $3,800
15 R,
4 W
(including 2 DDs)
11 R,
4 W
14 R,
4 W
(including 1 DD)

Combined Coryat: $18,200

[game clues] [game scores] [suggest correction]

Game tape date: 2003-12-10
The J! Archive is created by fans, for fans. Scraping, republication, monetization, and malicious use prohibited; this site may use cookies and collect identifying information. See terms. The Jeopardy! game show and all elements thereof, including but not limited to copyright and trademark thereto, are the property of Jeopardy Productions, Inc. and are protected under law. This website is not affiliated with, sponsored by, or operated by Jeopardy Productions, Inc. Join the discussion at JBoard.tv.